Project Management Workbook to accompany Project Management: (Record no. 2093)

MARC details
000 -LEADER
fixed length control field 00584nam a22001937a 4500
003 - CONTROL NUMBER IDENTIFIER
control field OSt
005 - DATE AND TIME OF LATEST TRANSACTION
control field 20191107173409.0
008 - FIXED-LENGTH DATA ELEMENTS--GENERAL INFORMATION
fixed length control field 150617b xxu||||| |||| 00| 0 eng d
020 ## - INTERNATIONAL STANDARD BOOK NUMBER
International Standard Book Number 0442022298
040 ## - CATALOGING SOURCE
Transcribing agency 04
082 ## - DEWEY DECIMAL CLASSIFICATION NUMBER
Classification number 658.4 KER 1996
100 ## - MAIN ENTRY--PERSONAL NAME
Personal name Kerzner Harold
9 (RLIN) 5426
245 ## - TITLE STATEMENT
Title Project Management Workbook to accompany Project Management:
Remainder of title A system approach to planning, scheduling, and controlling
250 ## - EDITION STATEMENT
Edition statement 5th ed
260 ## - PUBLICATION, DISTRIBUTION, ETC. (IMPRINT)
Place of publication, distribution, etc. New York;
Name of publisher, distributor, etc. Van Nostrand Reinhold,
Date of publication, distribution, etc. 1996
300 ## - PHYSICAL DESCRIPTION
Extent 328 p
Other physical details ill;
Dimensions 29 cm
650 ## - SUBJECT ADDED ENTRY--TOPICAL TERM
Topical term or geographic name as entry element Project Management
9 (RLIN) 5305
942 ## - ADDED ENTRY ELEMENTS (KOHA)
Source of classification or shelving scheme Other/Generic Classification Scheme
Koha item type Serials
Holdings
Withdrawn status Lost status Source of classification or shelving scheme Damaged status Not for loan Home library Current library Date acquired Inventory number Total Checkouts Full call number Barcode Date last seen Koha item type
    Other/Generic Classification Scheme     MUST Main Library MUST Main Library 17/06/2015 98/11776   658.4 KER 1996 2015-1947 17/06/2015 Open Shelf